| 000 | 00499nam a22001937a 4500 | ||
|---|---|---|---|
| 003 | OSt | ||
| 005 | 20140310181802.0 | ||
| 008 | 130703t xxu||||| |||| 00| 0 eng d | ||
| 020 | _a9781848372924 | ||
| 050 |
_aPN 6121 _b.G786 2009 |
||
| 082 |
_aREF 808 _bG786 2009 |
||
| 245 |
_aGreat speeches : _bwords that shaped the world / |
||
| 260 |
_aLondon : _bArcturus, _cc2009. |
||
| 300 |
_a208 p. _bill. ; _c25 cm. |
||
| 521 | _a | ||
| 541 | _j1 | ||
| 562 | _e1 | ||
| 942 |
_2lcc _cBK-GR _kREF |
||
| 999 |
_c3671 _d3671 |
||